Power and choice:an introduction to political science./ (Record no. 9732)

MARC details
000 -LEADER
fixed length control field 01327nam a22001817a 4500
005 - DATE AND TIME OF LATEST TRANSACTION
control field 20230619112804.0
008 - FIXED-LENGTH DATA ELEMENTS--GENERAL INFORMATION
fixed length control field 230619b ||||| |||| 00| 0 eng d
020 ## - INTERNATIONAL STANDARD BOOK NUMBER
International Standard Book Number 9781259071256
050 ## - LIBRARY OF CONGRESS CALL NUMBER
Classification number JA66.S479(14e)
100 ## - MAIN ENTRY--PERSONAL NAME
9 (RLIN) Shively, Phillips W.
Dates associated with a name 2014.
245 ## - TITLE STATEMENT
Title Power and choice:an introduction to political science./
Statement of responsibility, etc. Phillips W. Shively.
250 ## - EDITION STATEMENT
Edition statement 14th
260 ## - PUBLICATION, DISTRIBUTION, ETC.
Place of publication, distribution, etc. New York:
Name of publisher, distributor, etc. McGraw-Hill Education,
Date of publication, distribution, etc. 2014.
300 ## - PHYSICAL DESCRIPTION
Extent xvii,428p.:
Other physical details ills.;
Dimensions 24cm.
500 ## - GENERAL NOTE
General note Content:Politics: setting the stage I -- Modern ideologies and political philosophy --The modern state -- Policies of the state -- Economic policy of the state -- What lies behind policy : questions of justice and effectiveness -- Democracies and authoritarian systems -- Political culture and political socialization -- Constitutions and the design of government -- Elections -- Parties: a linking and leading mechanism in politics --Structured conflict: interest groups and politics -- Social movement and contentious politics -- National decision making institutions :parliamentary government -- National decision making institutions: presidential government -- Bureaucracy and the public sector -- Law and the courts -- Global politics: politics among states (and others).
505 ## - FORMATTED CONTENTS NOTE
Formatted contents note Includes index and glossary.
942 ## - ADDED ENTRY ELEMENTS (KOHA)
Source of classification or shelving scheme Library of Congress Classification
Koha item type Books
Edition 14th
Holdings
Withdrawn status Lost status Source of classification or shelving scheme Damaged status Not for loan Home library Current library Shelving location Date acquired Total Checkouts Full call number Barcode Date last seen Copy number Price effective from Koha item type
    Library of Congress Classification     WISCONSIN INTERNATIONAL UNIVERSITY COLLEGE, GHANA - MAIN LIBRARY WISCONSIN INTERNATIONAL UNIVERSITY COLLEGE, GHANA - MAIN LIBRARY General Stacks 19/06/2023   JA66.S47(14e) 9526/227/23 19/06/2023 1 19/06/2023 Books

If you have any concerns or questions; kindly contact the library


© Powered by WIUC ICT DIRECTORATE